Trieste Airport Destinations (Trieste, Italy) - Statistics

General Stats
  • This quiz has been taken 116 times
    55 since last reset
  • The average score is 17 of 27
Answer Stats
Airline Destination % Correct
ITA Airways Rome (Fiumicino)
98%
Ryanair Naples
93%
Ryanair Palermo
93%
ITA Airways Milan (Linate)
91%
Ryanair London (Stansted)
89%
Ryanair Barcelona
84%
Air Dolomiti Frankfurt
82%
Ryanair Berlin
78%
Ryanair Budapest
78%
Ryanair Catania
78%
Wizz Air Bucharest (Otopeni)
73%
Ryanair Bari
71%
Ryanair Dublin
71%
Ryanair Cagliari
60%
Ryanair Prague
60%
Ryanair Stockholm (Arlanda)
53%
ITA Airways Olbia
51%
Ryanair Brindisi
49%
Ryanair Kraków
44%
Wizz Air Tirana
44%
Ryanair Valencia
42%
Ryanair Malta
40%
Ryanair Beauvais
36%
Ryanair Lamezia Terme
36%
Ryanair Charleroi
33%
Transavia Rotterdam
31%
Ryanair Seville
29%
No matching quizzes found
Score Distribution
Percent of People with Each Score
Percentile by Number Answered
Your Score History
You have not taken this quiz since the last reset